Statistics for Biggest Lakes of Ontario

Click here to take the quiz!

General Stats

  • This quiz has been taken 76 times
  • The average score is 8 of 16

Answer Stats

HintAnswer% Correct
18,960 km2 (7,320 sq mi)Lake Ontario
100%
82,100 km2 (31,700 sq mi)Lake Superior
98%
25,700 km2 (9,900 sq mi)Lake Erie
97%
59,600 km2 (23,000 sq mi)Lake Huron
95%
744 km2 (287 sq mi)Lake Simcoe
81%
832 km2 (321 sq mi)Lake Nipissing
61%
4,848 km2 (1,872 sq mi)Lake Nipigon
59%
3,150 km2 (1,220 sq mi)Lake of the Woods
58%
1,114 km2 (430 sq mi)Lake St. Clair
47%
931 km2 (359 sq mi)Lake Abitibi
29%
1,657 km2 (640 sq mi)Lac Seul
24%
932 km2 (360 sq mi)Rainy Lake
22%
661 km2 (255 sq mi)Big Trout Lake
20%
527 km2 (203 sq mi)Sandy Lake
19%
413 km2 (159 sq mi)Trout Lake
12%
493 km2 (190 sq mi)Lake St. Joseph
10%

Score Distribution

Percentile by Number Answered

Percent of People with Each Score

Your Score History

You have not taken this quiz